00526nam a2200181Ia 4500003000400000005001700004008004100021040001800062041000800080082002100088100001900109245008100128250001200209260004300221300002400264650002700288650002900315OSt20241209093425.0210716s1958 xx 000 0 und d cAIMIT LIBRARY aeng a808.83 21bERIE aErikson, Erik. aYoung man luther:bstudy in psychoanalysis and history /cBy Erik H Erikson. a1st ed. aNew York :bNorth River Press ;c1958. a288p. ;bPBc19 cm. aAllness or nothingness aFirst mass and dead ends